Rozszerzenia terytorialne Gdyni - Statystyki

Ogólne statystyki
  • Ten quiz został rozwiązany 11 razy
  • Średni wynik to 8 z 9
Statystyki odpowiedzi
Rok rozszerzenia Obszary włączone % Poprawnych
1973 Chwarzno, Dąbrowa, Lasy TPK, Wiczlino
100%
1930 Chylonia, Demptowo, Grabówek, Leszczynki
100%
1935 Cisowa, Karwiny, Lasy TPK, Mały Kack, Obłuże, Orłowo, Pustki Cisowskie, Redłowo, Wzgórze św. Maksymiliana
100%
1933 Działki Leśne, Mały Kack (część), Stare Obłuże, Witomino
100%
1926 Oksywie, Port, Pogórze Dolne (część)
100%
1953 Wielki Kack
100%
1971 Babie Doły
83%
1988 Cisowa (część), Lasy, Pogórze (część)
67%
1970 Pogórze Dolne, Pogórze Górne
67%
Nie znaleziono quizów pasujących do podanych kryteriów
Rozkład punktacji
Procent ludzi z każdym wynikiem
Percentyl według liczby udzielonych odpowiedzi
Twoja historia wyników
Nie rozwiązałeś tego quizu